000 00460nam a22001817a 4500
003 NUST - PNEC
005 20170116180817.0
008 150602b xxu||||| |||| 00| 0 eng d
020 _a-
040 _cLIBRARY
082 _a330 COR
100 _93735
_aCorrado. G. B.
245 _aThe H-Bomb of economics
_cG. B. Corrado
260 _aLondon:
_bWM. Dawson & Sons Ltd.,
300 _a247 p. :
_c20 cm.
650 _93736
_aEconomics
_xMIS
942 _2ddc
_cBK
999 _c63558
_d63558